000 00231nam a22000857a 4500
008 161018b xxu||||| |||| 00| 0 eng d
100 _9891
_aKundra.D.N.
245 _aSocial Science-IX
260 _aNew Delhi
_bDhan Patrai Publications
_c2015
999 _c3544
_d3544